000 01693nam a2200337 a 4500
003 BLK
005 20250719113102.0
007 ta
008 221104b bu |||||r|||| 00| | bu d
020 _a9786192433154
040 _aBLK
041 _aBUL
_cBUL
080 _9236966
_aПриготвяне на храна(общи въпроси). Рецепти. Готварски книги
_b641.55
_x(520)(035)
_z641.55(520)(035)
080 _9446937
_aЯстия. Хранене
_b392.8
_x(520)(035)
_z392.8(520)(035)
084 _aХ 26
100 _9494254
_aХарди, Паула
245 _aПътувам и ям из Япония
_bПълен наръчник за японската кухня и култура на хранене
_cПаула Харди ; прев. Ивелина Минчева-Бобадова.
260 _9209461
_aСофия
_bПрозорец
_c2024
_f[Костинброд] : Мултипринт ООД
300 _a224 с.
_bс цв. сн.
_c23 см
380 _a62
500 _aОриг. загл.: Eat Japan. - Възприетата форма на името на авт. Паула Харди е Пола Харди
650 0 _9300665
_aГотварство - Япония - рецепти
650 0 _9290061
_aКулинария - наръчници и ръководства
650 0 _9259293
_aХранене - наръчници и ръководства
651 7 _9179845
_aЯпония
700 _aМинчева-Бобадова, Ивелина Иванова
_9489122
852 _aЦб 326709
_bЦб
852 _bП
_c641/Х 26 П
942 _cKNG
_n0
_07
944 _cКети Илиева
_k30545
_lНора Радева
999 _c516366
_d516366